00921nam a2200253 a 450000100100000000500170001000800410002702000150006804000250008308200220010810000240013024501010015425000110025526000350026630000360030149000300033750000420036770000230040970000460043283000370047804900090051595201260052499900170065000002526720200930023654.0110211s1976 sp ac r 000 0 spa d a8423953114 aDO-SdBNPbspacBNPHU aNNNbM9391R, 19761 aRémy, Yves95177310aMozart /cYves Rémy, Ada Rémy ; traducción del francés por Felipe Ximénez de Sandoval. a2a ed. aMadrid :bEspasa-Calpe,c1976. a131 p. :bil., retrs. ;c18 cm.1 aClásicos de la música aIncluye notas al pie de las páginas1 aRémy, Ada9517741 aXiménez de Sandoval, Felipeetr.919335 0aClásicos de la música933880 aBNGR 001054708MOaGRbGRcCTd2011-02-11iLF1l0oNNN M9391R, 1976p25267-10r2020-06-25w2020-06-25y4ZPréstamo en sala c24760d24760